000 00804nam a2200277Ia 4500
003 OSt
005 20220928122023.0
006 a|||||r|||| 00| 0
007 ta
008 220927b |||||||| |||| 00| 0 eng d
020 _c4747.6099999999997
024 _a124468
037 _b135, 18/09/2014, Vardhman Books
_cTextual
040 _aSDCL
_cSDCL
_beng
041 _2eng
_aeng
082 _aB43, Q4
100 _aAnton Deitmar
_9455458
245 0 _aPrinciples of harmonic analysis
250 _a2
260 _aNew York
_b Springer
_c2014
300 _axiii;332p.
_ccm.
650 _aMathematics
700 _a Siegfried Echterhoff
_9455459
942 _hB43, Q4
_cTEXL
_2CC
999 _c769118
_d769118